| 000 | 01030nam a2200337Ia 4500 | ||
|---|---|---|---|
| 001 | dia_3409 | ||
| 003 | CHAP | ||
| 005 | 20230427102452.0 | ||
| 008 | 220117s2008 xx 000 0 und d | ||
| 010 | _a173072 | ||
| 020 | _a978-607-400-064-1 | ||
| 040 | _cCHAP | ||
| 082 | _a808.849358 T98 A78 2008 | ||
| 100 |
_aSun Tzu _9153128 |
||
| 245 |
_aEl arte de la guerra / _c Sun Tzu ; traducción Carlos W. Villazón |
||
| 260 |
_aMéxico : _b Océano, _c2008 |
||
| 300 | _a156 p. | ||
| 503 | _aC. | ||
| 590 | _aU101 S8518 2008 | ||
| 650 |
_aChinese literature _xEarly works to 1800 _9153129 |
||
| 650 |
_aCiencia militar _9153130 |
||
| 650 |
_aEnsayo _9153131 |
||
| 650 |
_aEssay _9153132 |
||
| 650 |
_aLiteratura china _xObras anteriores a 1800 _9153133 |
||
| 650 |
_aMilitary art and science _9153134 |
||
| 700 |
_aVillazón, Carlos W., tr. _9153135 |
||
| 901 | _a808.849358 T98 A78 2008 | ||
| 902 | _aA | ||
| 905 | _a5232272008 mx x 9222223332spa16 | ||
| 942 |
_cLIBRO _2ddc |
||
| 999 |
_c173072 _d173072 |
||